Жила-была сказка: рассказы и сказки; для младшего школьного возраста

Dettagli Bibliografici
Autore principale: Ягмурова С. П. Светлана Петровна
Altri autori: Островская А. (иллюстратор)
Riassunto:Исключено из фонда НТБ ТПУ
Lingua:russo
Pubblicazione: Алма-Ата, Жалын, 1988
Natura: Libro
KOHA link:https://koha.lib.tpu.ru/cgi-bin/koha/opac-detail.pl?biblionumber=156010

MARC

LEADER 00000nam0a2200000 4500
001 156010
005 20231031152853.0
010 |a 5610000823 
020 |a RU  |b 88-85494 
035 |a (RuTPU)RU\TPU\book\169199 
090 |a 156010 
100 |a 20090320d1988 c y0rusy5003 ca 
101 0 |a rus 
102 |a RU 
105 |a y z 000ay 
200 1 |a Жила-была сказка  |e рассказы и сказки   |e для младшего школьного возраста  |f С. П. Ягмурова  |g худож. А. Островская 
210 |a Алма-Ата  |c Жалын  |d 1988 
215 |a 205,[2] с.  |c ил. 
333 |a Исключено из фонда НТБ ТПУ 
700 1 |a Ягмурова  |b С. П.  |g Светлана Петровна 
702 1 |a Островская  |b А.  |4 440 
801 0 |a RU  |b RuMRKP  |c 19950417  |g psbo 
801 1 |a RU  |b 63413507  |c 20090320  |g PSBO 
801 2 |a RU  |b 63413507  |c 20220517  |g PSBO 
942 |c BK